LEADER 01780nam 2200397 n 450 001 996396619903316 005 20221108060111.0 035 $a(CKB)4330000000331782 035 $a(EEBO)2248518883 035 $a(UnM)99843601 035 $a(EXLCZ)994330000000331782 100 $a19910724d1593 uy | 101 0 $aeng 135 $aurbn||||a|bb| 200 12$aA discource of horsmanshippe$b[electronic resource] $eWherein the breeding and ryding of horses for seruice, in a breefe manner is more methodically sette downe then hath been heeretofore. With a more easie and direct course for the ignorant, to attaine to the same arte or knowledge. Also the manner to chuse, trayne, ryde and dyet, both hunting-horses, and running-horses: with all the secretes thereto belonging discouered. An arte neuer heeretofore written by any authour 210 $aAt London $cPrinted by I. C[harlewood] for Richard Smith, and are to be sold at his shoppe at the West-doore of Poules$dAnno. Dom. 1593 215 $a[92] p. $cill 300 $aDedication signed: Ieruis Markham. 300 $aPrinter's name from STC. 300 $aRunning title reads: Of the breedyng, ryding, and trayning vp of horses. 300 $aSignatures: [par.]² A-L?. 300 $aReproduction of the original in the Bodleian Library. 330 $aeebo-0014 606 $aHorsemanship$zEngland$vEarly works to 1800 606 $aHorses$xTraining$vEarly works to 1800 615 0$aHorsemanship 615 0$aHorses$xTraining 700 $aMarkham$b Gervase$f1568?-1637.$0877321 801 0$bCu-RivES 801 1$bCu-RivES 801 2$bCStRLIN 801 2$bWaOLN 906 $aBOOK 912 $a996396619903316 996 $aA discource of horsmanshippe$92385744 997 $aUNISA LEADER 01540nam 2200361 450 001 9910445560103321 005 20231215130616.0 010 $a1-5044-7281-0 024 7 $a10.1109/IEEESTD.2021.9382205 035 $a(CKB)5590000000440553 035 $a(NjHacI)995590000000440553 035 $a(EXLCZ)995590000000440553 100 $a20231215d2021 uy 0 101 0 $aeng 135 $aur||||||||||| 181 $ctxt$2rdacontent 182 $cc$2rdamedia 183 $acr$2rdacarrier 200 10$a1820-2020 - IEEE guide on the selection of transmission and distribution insulators with respect to cold weather conditions /$fIEEE 210 1$a[Place of publication not identified] :$cIEEE,$d2021. 215 $a1 online resource 330 $aProcedures for selecting external insulation that is likely to be subjected to an outdoor environment that includes combinations of contamination, ice, snow, or cold fog are specified by this guide. The selection methods are applicable to insulators, surge arresters, bushings, live line tools and other high voltage ac and dc apparatus with a rated voltage above 1 kV. 606 $aHigh voltages 606 $aEnergy efficiency 615 0$aHigh voltages. 615 0$aEnergy efficiency. 676 $a621.3 801 0$bNjHacI 801 1$bNjHacl 906 $aDOCUMENT 912 $a9910445560103321 996 $a1820-2020 - IEEE Guide on the Selection of Transmission and Distribution Insulators with Respect to Cold Weather Conditions$92582645 997 $aUNINA LEADER 05308nam 2200745 450 001 9910812844603321 005 20230620181719.0 010 $a3-11-091217-1 024 7 $a10.1515/9783110912173 035 $a(CKB)3360000000338182 035 $a(MH)010775686-2 035 $a(SSID)ssj0000849182 035 $a(PQKBManifestationID)12438775 035 $a(PQKBTitleCode)TC0000849182 035 $a(PQKBWorkID)10809044 035 $a(PQKB)10837119 035 $a(MiAaPQ)EBC4749593 035 $a(DE-B1597)57063 035 $a(OCoLC)979763140 035 $a(DE-B1597)9783110912173 035 $a(Au-PeEL)EBL4749593 035 $a(CaPaEBR)ebr11405378 035 $a(OCoLC)993101851 035 $a(PPN)159719925 035 $a(EXLCZ)993360000000338182 100 $a20170726h20072007 uy 0 101 0 $aeng 135 $aurcnu|||||||| 181 $ctxt$2rdacontent 182 $cc$2rdamedia 183 $acr$2rdacarrier 200 10$aAnglicisms in German $eborrowing, lexical productivity, and written codeswitching /$fAlexander Onysko 205 $aReprint 2014 210 1$aBerlin ;$aNew York :$cWalter de Gruyter,$d2007. 210 4$d©2007 215 $a1 online resource (xi, 376 pages)$cillustrations 225 1 $aLinguistik - Impulse & Tendenzen,$x1612-8702 ;$v23 300 $aOriginally presented as the author's thesis (doctoral)--Universität Innsbruck, 2006. 311 0 $a3-11-019946-7 320 $aIncludes bibliographical references and indexes. 327 $tFrontmatter --$tPreface --$tContents --$tSymbols and Abbreviations --$tList of Figures --$tList of Tables --$t1. English as a source of language influence in German --$tPART I: Integrating Theories and Terminology: Borrowing, Codeswitching, Lexical Productivity, and Interference as Types of Anglicisms in German --$tOverview - What is an anglicism? --$t2. Loan meaning and loan formation --$t3. Borrowing, codeswitching, and anglicism: different approaches to definition --$t4. Pseudo anglicisms and hybrid anglicisms --$t5. Diachronic aspects of anglicisms in German: assimilation and etymology --$t6. Modelling transmission from SL to RL --$tPART II: Corpus, Methods, and Frequency of Anglicisms --$tOverview - Questions of research --$t7. Corpus and methods --$t8. The quantitative impact of anglicisms --$tPART III: Types and Integration of Anglicisms: Structural Patterns, Word Formational Productivity, and Codeswitching --$tOverview - Convergence and divergence of anglicisms --$t9. Salient morphological features of nominal anglicisms: gender, plural, and genitive case --$t10. Lexical productivity and inflectional integration of anglicisms --$t11. Codeswitching and phrasal anglicisms --$t12. Conclusion - The impact of anglicisms and its implications for the future of German --$t13. Appendices --$t14. References --$tSubject index --$tAnglicism Index 330 $aThe book offers a detailed account of English influence on German based on a large scale corpus analysis of the newsmagazine 'Der Spiegel'. The study is structured into three parts covering fundamental questions and as of yet unsolved and disputed issues in the domain of anglicism research and language contact. Part 1 discusses the terminological uncertainty in the field, puts forward a model of the influence of English on German, and proposes a principled classification of the term anglicism. Part 2 portrays the numerical impact of anglicisms in an extensive corpus and draws general conclusions about the overall quantitative influence of English on German. Part 3 conclusively investigates the integration of anglicisms in German across the various lexical and syntactic paradigms. Particular focus is attributed to the salient morphological features of gender, plural, genitive case, and to verbal and adjectival inflection. Furthermore, word formational processes are substantively analyzed including compounding, derivation, and peripheral types of word formation. A functional classification of written codeswitching concludes part 3, and the book closes with a brief outlook on future challenges of anglicism research. In its breadth and detailed manner of analysis, the study sets the current standards of research in the field. 410 0$aLinguistik, Impulse & Tendenzen ;$v23. 606 $aGerman language$xForeign elements$xEnglish 606 $aEnglish language$xInfluence on German 606 $aCode switching (Linguistics) 610 $aAnglicism. 610 $aCodeswitching. 610 $aCorpus Linguistics. 610 $aLanguage Contact. 610 $aWord Formation. 615 0$aGerman language$xForeign elements$xEnglish. 615 0$aEnglish language$xInfluence on German. 615 0$aCode switching (Linguistics) 676 $a432/.421 686 $aGC 1365$2rvk 700 $aOnysko$b Alexander$01641651 801 0$bMiAaPQ 801 1$bMiAaPQ 801 2$bMiAaPQ 906 $aBOOK 912 $a9910812844603321 996 $aAnglicisms in German$93985932 997 $aUNINA 999 $aThis Record contains information from the Harvard Library Bibliographic Dataset, which is provided by the Harvard Library under its Bibliographic Dataset Use Terms and includes data made available by, among others the Library of Congress LEADER 04286nam 2200793Ia 450 001 9910817826203321 005 20260204023443.0 010 $a9786611284688 010 $a9781118209912 010 $a1118209915 010 $a9781281284686 010 $a1281284688 010 $a9780470253489 010 $a0470253487 010 $a9780470253465 010 $a0470253460 024 7 $a10.1002/9780470253489 035 $a(CKB)1000000000399881 035 $a(EBL)335733 035 $a(SSID)ssj0000102922 035 $a(PQKBManifestationID)11622517 035 $a(PQKBTitleCode)TC0000102922 035 $a(PQKBWorkID)10060385 035 $a(PQKB)10546817 035 $a(CaBNVSL)mat08040351 035 $a(IDAMS)0b00006485f0ec0b 035 $a(IEEE)8040351 035 $a(Au-PeEL)EBL335733 035 $a(CaPaEBR)ebr10296402 035 $a(CaONFJC)MIL128468 035 $a(PPN)250196034 035 $a(OCoLC)214281344 035 $a(MiAaPQ)EBC335733 035 $a(FINmELB)ELB177490 035 $a(Perlego)1008029 035 $a(EXLCZ)991000000000399881 100 $a20070817d2008 uy 0 101 0 $aeng 135 $aur|n|---||||| 181 $ctxt 182 $cc 183 $acr 200 00$aAnalysis of biological networks /$fedited by Bjorn H. Junker and Falk Schreiber 205 $a1st ed. 210 $aHoboken, NJ $cWiley-Interscience$dc2008 215 $a1 online resource (369 p.) 225 1 $aWiley series on bioinformatics 300 $aDescription based upon print version of record. 311 08$a9780470041444 311 08$a0470041447 320 $aIncludes bibliographical references and index. 327 $aNetworks in biology / Bjo?rn H. Junker -- Graph theory / Falk Schreiber -- Global network properties / Ralf Steuer and Gorka Zamora Lo?pez -- Network centralities / Dirk Koschu?tzki -- Network motifs / Henning Schwo?bbermeyer -- Network clustering / Balabhaskar Balasundaram and Sergiy Butenko -- Petri nets / Ina Koch and Monika Heiner -- Signal transduction and gene regulation networks / Anatolij P. Potapov -- Protein interaction networks / Frederik Bo?rnke -- Metabolic networks / Ma?rcio Rosa da Silva ... [et al.] -- Phylogenetic networks / Birgit Gemeinholzer -- Ecological networks / Ursula Gaedke -- Correlation networks / Dirk Steinhauser ... [et al.]. 330 $aAn introduction to biological networks and methods for their analysis Analysis of Biological Networks is the first book of its kind to provide readers with a comprehensive introduction to the structural analysis of biological networks at the interface of biology and computer science. The book begins with a brief overview of biological networks and graph theory/graph algorithms and goes on to explore: global network properties, network centralities, network motifs, network clustering, Petri nets, signal transduction and gene regulation networks, protein interaction networks, metabolic networks, phylogenetic networks, ecological networks, and correlation networks. Analysis of Biological Networks is a self-contained introduction to this important research topic, assumes no expert knowledge in computer science or biology, and is accessible to professionals and students alike. Each chapter concludes with a summary of main points and with exercises for readers to test their understanding of the material presented. Additionally, an FTP site with links to author-provided data for the book is available for deeper study. This book is suitable as a resource for researchers in computer science, biology, bioinformatics, advanced biochemistry, and the life sciences, and also serves as an ideal reference text for graduate-level courses in bioinformatics and biological research. 410 0$aWiley series on bioinformatics. 606 $aBiological models 606 $aComputational biology 615 0$aBiological models. 615 0$aComputational biology. 676 $a570.11 676 $a570.285 701 $aJunker$b Bjo?rn H$01682994 701 $aSchreiber$b Falk$01682995 801 0$bMiAaPQ 801 1$bMiAaPQ 801 2$bMiAaPQ 906 $aBOOK 912 $a9910817826203321 996 $aAnalysis of biological networks$94053479 997 $aUNINA